000 00635nam a22002297a 4500
003 UA-OsUOA
001 100458
007 ta
008 20130528b un ||||| |||| 00| 0 ukr d
100 _aХолендро Д.
090 _a821.161.1
_bХ71
942 _cBK
040 _aUA-OsUOA
_brus
_cUA-OsUOA
_dUA-OsUOA
245 _aВся его жизнь
_bповести, рассказы
300 _a544 с.
955 _a3
041 _arus
080 _a821.161.1
260 _aМ.
_bСоветский писатель
_c1988
650 7 _a82 Література. Літературознавство
_2UDC
999 _c387086
_d387086